00930nam a2200241Ia 4500003000900000008004100009020002200050040001600072080002500088245010700113260002500220300001700245490005400262650002200316650003700338650004200375700003100417700003800448700003700486942000700523999001700530952014100547IN-BaIIA211028s9999 xx 000 0 eng d a978-3-319-03040-1 cIIA Library a524.3-52(082.1)bTHE 4aThe labyrinth of star formationcedited by Dimitris Stamatellos, Simon Goodwin and Derek Ward-Thompson aChambSpringerc2014 axxxii, 522p. aAstrophysics and space science proceedings; v. 36 aAstrophysics9794 aAstrophysics - congresses912189 aStars - Formation - Congresses919190 aGoodwin, Simon.,ed.936355 aStamatellos, Dimitris.,ed.936356 aWard-Thompson, Derek eds.936357 cBK c19039d19039 00104070aBANbBANcGENd2015-04-30eEDS g3481.00l0o524.3-52(082.1)/ THEp19961r2021-11-05v3481.00w2015-04-30yBKGRs. 3481.00